000 00430nam a2200169 a 4500
005 20140310183147.0
008 030509s19uu xx 00 eng d
020 _a0373440332
050 _aPS 648
_b.D281 1998
100 _aDean, Alyssa
245 _aMistletoe Mischief /
_cAlyssa Dean.
260 _aAustralia :
_bSilhoutte,
_c1998.
300 _a222 p. :
_c18 cm.
650 _aFiction
942 _cBK
_2lcc
999 _c19571
_d19571